02051nam a2200349 a 4500001001200000003000800012006001900020007001500039008004100054010001700095015001900112016001800131020004300149020004000192040002100232035002100253050002400274082002000298100004300318245012200361260006000483300004300543504006600586505066200652533015201314650001901466650002501485655002901510710001701539856012601556999001901682ebr10229970CaPaEBRm u cr cn|||||||||071126s2008 kyuaf sb s001 0 eng  z 2007048492 aGBA8253062bnb7 z0145371332Uk z9780813124766 (hardcover : alk. paper) z081312476X (hardcover : alk. paper) aCaPaEBRcCaPaEBR a(OCoLC)64674792914aBV4415b.S48 2008eb04a286/.1320822221 aShaw, Susan M.q(Susan Maxine),d1960-10aGod speaks to us, tooh[electronic resource] :bSouthern Baptist women on church, home, and society /cSusan M. Shaw. aLexington, Ky. :bUniversity Press of Kentucky,cc2008. axiii, 300 p., [8] p. of plates :bill. aIncludes bibliographical references (p. [277]-290) and index.0 aIntroduction: Raised right--the making of Southern Baptist identity -- Just as I am : Southern Baptist women's experiences of salvation and baptism -- The B-I-B-L-E : Southern Baptist women and the Bible -- Casseroles and covered dishes : Southern Baptist women, hospitality, and friendship -- Red and yellow, Black and White : the dynamics of race in the lives of Southern Baptist women -- We've a story to tell : Southern Baptist women and ministry -- Gracious submission : Southern Baptist women and the family -- I am woman : Southern Baptist women and feminism -- Competent before God : Southern Baptist women and soul competency -- Cast of characters. aElectronic reproduction.bPalo Alto, Calif. :cebrary,d2013.nAvailable via World Wide Web.nAccess may be limited to ebrary affiliated libraries. 0aBaptist women. 0aBaptistsxDoctrines. 7aElectronic books.2local2 aebrary, Inc.40uhttp://site.ebrary.com/lib/rucke/Doc?id=10229970zAn electronic book accessible through the World Wide Web; click to view c153438d153438